載入...
Marketing financial services
| 主要作者: | |
|---|---|
| 格式: | Printed Book |
| 語言: | Undetermined English |
| 出版: |
Bombay
Himalaya Publishing House
2002
|
| 主題: |
| LEADER | 00665nam a2200217Ia 4500 | ||
|---|---|---|---|
| 008 | 140306s9999 xx 000 0 und d | ||
| 041 | |a eng | ||
| 082 | |a 332.106 |b AVA/MA | ||
| 100 | |a Avadhani, V A | ||
| 245 | |a Marketing financial services | ||
| 260 | |a Bombay |b Himalaya Publishing House |c 2002 | ||
| 300 | |a 649 | ||
| 365 | |b Rs.275 | ||
| 650 | |a International markets | ||
| 650 | |a Non bank finance companies | ||
| 650 | |a Protofolio management | ||
| 650 | |a Reserve bank | ||
| 650 | |a SEBI | ||
| 942 | |2 ddc |c BK | ||
| 999 | |c 186081 |d 186081 | ||
| 952 | |0 0 |1 0 |2 ddc |4 0 |6 332_106000000000000_AVA_MA |7 0 |9 192010 |a KAUCBV |b KAUCBV |g 275.00 |o 332.106 AVA/MA |r 2014-03-22 |w 2014-03-22 |y BK | ||